000 00804nam a2200217Ia 4500
003 GCL
008 140319s9999 xx 000 0 ara d
040 _aGCL /
_cGCL
082 0 4 _a810.8
_bم ا
100 1 _aمحمود ادهم
245 1 0 _aابراهيم عبدالقادر المازنى :
_bبين التاريخ والفن الصحفى /
_cمحمود ادهم
260 _aالقاهرة :
_bمكتبة الانجلوالمصرية ،
_c1991
300 _a264 ص ؛
_c24 سم
490 _aرواد الصحافة العربية
_v2
650 0 4 _aالصحافة العربية
650 0 4 _aابراهيم عبدالقادر المازنى
650 0 4 _aالصحافة والادب
650 0 4 _aالمقالة العربية
650 0 4 _aالصحافة - تحرير
942 _2ddc
_cBK
999 _c37203
_d37203